| 000 | 003920000a22001570004500 | ||
|---|---|---|---|
| 001 | 000222 | ||
| 003 | MACL | ||
| 040 | _aMACL | ||
| 090 |
_c222 _d222 |
||
| 100 | _aBajaj.J.S, | ||
| 245 |
_aMedical Education And health Care _bA Pluridimensional Paradigm _cBajaj.J.S |
||
| 260 |
_aIndian Institute Of Advanced Study, _c1998 |
||
| 350 | _a250 | ||
| 650 | _aMedical Education | ||
| 942 |
_k372 _cBook |
||
| 999 |
_c49529 _d49529 |
||